[Event "XXXII Belgrade Trophy 2018"]
[Site "Belgrade"]
[Date "2018.11.29"]
[Round "6"]
[White "Petrov, Marian"]
[Black "Maric, Dragan"]
[Result "0-1"]
[WhiteElo "2488"]
[BlackElo "2174"]
[Annotator "TA"]
[PlyCount "41"]
[EventDate "2018.11.24"]
[EventType "swiss"]
[EventCountry "SRB"]
[SourceTitle "playchess.com"]
[Source "ChessBase"]
[SourceQuality "1"]

{[%evp 15,41,21,28,8,26,27,32,11,17,6,120,28,68,0,28,0,45,26,20,0,65,0,0,0,27,20,17,-9]} 1. e4 e5 2. Nf3 Nc6 3. Bc4 Nf6 4. d3 Be7 5. O-O O-O 6. Re1 d6 7. a4 Be6 8. a5 a6 9. Nc3 {C55: Two Knights: 4 d3, 4 d4 exd4 5 e5 and Max Lange Attack} Bg4 $146 ({Predecessor:} 9... Qd7 10. h3 Rfe8 11. Ng5 Bxc4 12. dxc4 Bf8 13. Nf3 h6 14. Nd5 Qd8 15. b3 g6 16. Nh2 Nxd5 17. cxd5 {½-½ (36) Xu,Y (2534)-Wang,H (2710) Tianjin 2018}) 10. h3 Bh5 11. Nd5 {White is slightly better.} Nxd5 12. Bxd5 Qd7 {[#]} (12... Nxa5 $11 13. g4 (13. Rxa5 c6 $11) 13... Bg6) 13. c3 (13. Nxe5 $1 $16 {[%mdl 512]} Qxh3 (13... Nxe5 14. Qxh5) 14. gxh3 Bxd1 15. Nxc6 (15. Rxd1 dxe5 16. c3 Bd6 $14) 15... bxc6 16. Bxc6 (16. Rxd1 cxd5 17. exd5 Rfb8 $14) 16... Bxc2 17. Bxa8 Rxa8 18. d4) 13... Rae8 14. g4 (14. Bxc6 $5 Qxc6 {[#]} 15. Nxe5 $1 {[%mdl 576] Discovered Attack} dxe5 16. Qxh5 $14) 14... Bg6 15. Qa4 Kh8 16. Ra3 Rd8 17. Kg2 Nb8 (17... Qc8 $1 $11) 18. Be3 (18. Qxd7 $14 Nxd7 19. b4) 18... c6 $11 19. Ba2 f6 20. Nh4 Bf7 21. Nf5 {[%mdl 32768] Accuracy: White = 15%, Black = 38%. . Loss on time!?} 0-1

[Event "XXXII Belgrade Trophy 2018"]
[Site "Belgrade"]
[Date "2018.11.29"]
[Round "6"]
[White "Petrov, Marian"]
[Black "Maric, Dragan"]
[Result "*"]
[WhiteElo "2488"]
[BlackElo "2174"]
[Annotator "TA"]
[PlyCount "35"]
[EventDate "2018.11.24"]
[EventType "swiss"]
[EventCountry "SRB"]
[SourceTitle "playchess.com"]
[Source "ChessBase"]
[SourceQuality "1"]

{[%evp 23,27,-8,0,0,-4,-25]} 1. d4 d5 2. c4 c6 3. Nf3 Nf6 4. Nc3 dxc4 5. a4 Bf5 6. e3 e6 7. Bxc4 Bb4 8. Qb3 a5 9. O-O Nbd7 10. h3 O-O 11. Nh4 {D18: Slav Defence: 5 a4 Bf5 6 e3} Nb6 12. Be2 (12. Nxf5 exf5 13. Bd3 g6 14. Qc2 Re8 15. Rd1 Bd6 16. e4 fxe4 17. Nxe4 Nxe4 18. Bxe4 Qe7 {0-1 (38) Lajthajm,B (2511)-Solak,D (2566) Herceg Novi 2007}) 12... Ne4 {LiveBook: 3 Games} 13. Nxf5 exf5 14. Bd3 {Predecessor:} Re8 $146 15. Qc2 Qe7 16. f3 Ng3 17. Rd1 g6 18. Qf2 {0-1 (41) Michel Yunis,C (2368)-Borg,A (2112) Dresden 2008} *

[Event "XXXII Belgrade Trophy 2018"]
[Site "Belgrade"]
[Date "2018.11.29"]
[Round "6"]
[White "Sanal, Vahap"]
[Black "Antic, Dejan"]
[Result "1/2-1/2"]
[WhiteElo "2485"]
[BlackElo "2462"]
[Annotator "TA"]
[PlyCount "43"]
[EventDate "2018.11.24"]
[EventType "swiss"]
[EventCountry "SRB"]
[SourceTitle "playchess.com"]
[Source "ChessBase"]
[SourceQuality "1"]

{[%evp 19,43,21,27,0,18,0,18,23,32,-424,-439,-435,-438,-570,-327,-307,-98,-397,-86,-290,-135,-434,-270,-408,268,-581]} 1. e4 e5 2. Nf3 Nf6 3. Nxe5 d6 4. Nf3 Nxe4 5. Nc3 Nxc3 6. dxc3 Be7 7. Be3 O-O 8. Qd2 {C42: Petroff Defence: 3 Nxe5 and unusual White 3rd moves} Nd7 9. O-O-O Nf6 (9... c6 10. h4 d5 11. Kb1 Re8 12. Bd3 Bc5 13. Rde1 Bxe3 14. Rxe3 Rxe3 15. Qxe3 Nf6 {½-½ (28) Aronian,L (2780)-Caruana,F (2827) Batumi 2018}) 10. Bd3 c5 {LiveBook: 10 Games} 11. Kb1 b5 $146 ({Predecessor:} 11... Rb8 12. Rhe1 b5 13. Bf4 Re8 14. Ng5 c4 15. Bf1 Bb7 {0-1 (31) Rodshtein,T (2226)-Hoolt,S (2393) Stary Smokovec 2018}) 12. Bxb5 Rb8 {[%cal Ba8b8,Bb8b2,Bb2b1][%mdl 32]} 13. Bd3 $1 Be6 {Strongly threatening ...Bxa2+!} 14. Ng5 $2 {[%mdl 8192] [#]} (14. c4 $1 $14 {keeps the upper hand.}) 14... Bxa2+ $1 $19 {[%mdl 512]} 15. Kc1 {[#]} (15. Kxa2 {leads to mate.} Qa5+ 16. Kb1 {[#]} Rxb2+ $1 {[%mdl 512]} 17. Kxb2 Rb8+ 18. Bb5 Rxb5+ 19. Kc1 Qa3#) 15... Rxb2 $3 {[%csl Ga2][%cal Rb2b1][%mdl 512]} 16. Qe1 (16. Kxb2 $2 {perishes.} Qb6+ 17. Ka1 Rb8) 16... Rb1+ 17. Kd2 d5 $2 (17... Rxd1+ $19 18. Qxd1 d5) 18. Ke2 $2 {[%mdl 8192]} (18. Rxb1 $17 {only move.} Bxb1 19. Qxb1) 18... h6 $2 (18... Rxd1 $19 19. Qxd1 d4 20. Nxh7 Nxh7 21. cxd4 Nf6) 19. Nf3 $2 (19. Rxb1 $17 Bxb1 20. Nxf7 Kxf7 21. Qxb1) 19... Ne4 (19... Rxd1 $19 {is more deadly.} 20. Qxd1 Ne4) 20. Ne5 $2 {[%mdl 8192]} (20. Rxb1 $17 Bxb1 21. Bxe4 dxe4 22. Qxb1 exf3+ 23. gxf3) 20... Bf6 21. f4 (21. Rxb1 $142 Bxe5 22. Rb7) 21... Bc4 $4 {[%mdl 8192]} (21... Rxd1 $19 {and all is fine.} 22. Kxd1 Qe7 23. Bxe4 dxe4) 22. Kf3 $4 {[%mdl 40960] Accuracy: White = 22%, Black = 19%. . An unexpected result.} (22. Rxb1 $18 Qe8 23. Bf2) 1/2-1/2

[Event "XXXII Belgrade Trophy 2018"]
[Site "Belgrade"]
[Date "2018.11.29"]
[Round "6"]
[White "Radovanovic, Mihajlo"]
[Black "Lajthajm, Borko"]
[Result "0-1"]
[WhiteElo "2466"]
[BlackElo "2407"]
[Annotator "TA"]
[PlyCount "58"]
[EventDate "2018.11.24"]
[EventType "swiss"]
[EventCountry "SRB"]
[SourceTitle "playchess.com"]
[Source "ChessBase"]
[SourceQuality "1"]

{[%evp 16,58,8,0,0,0,0,0,24,0,0,0,0,0,50,0,0,0,33,9,16,11,12,22,33,-21,0,-19,70,68,62,60,70,54,67,59,148,129,350,357,358,342,313,224,215]} 1. Nf3 Nf6 2. g3 d5 3. Bg2 c6 4. O-O Bg4 5. d3 Nbd7 6. h3 Bxf3 {A07: Réti Opening: New York and Capablanca Systems} 7. Bxf3 e6 8. Bg2 Bc5 9. e4 {LiveBook: 4 Games} dxe4 10. dxe4 Qc7 11. Kh1 h5 $146 ({Predecessor:} 11... O-O 12. Qe2 e5 13. Nd2 Rfe8 14. h4 {½-½ (102) Zhou,J (2616)-Bu,X (2715) Shenzhen 2016}) 12. Nc3 a6 13. Qe2 O-O-O 14. Rb1 Ng4 15. Bf4 Nge5 $1 16. b4 {[%cal Bb2b4,Bb4b5,Bb5a6][%mdl 32]} Bd4 17. Na4 f6 18. c3 $36 {[%mdl 2048] White has the initiative.} Ba7 19. c4 g5 20. Bd2 (20. Bc1 $14) 20... h4 $11 21. b5 hxg3 (21... Nxc4 $11 22. Qxc4 axb5 23. Qxe6 bxa4) 22. bxa6 $1 $14 b6 $1 {[#] aiming for ...gxf2.} 23. fxg3 Rh7 $1 24. Be3 Rdh8 $1 {White must now prevent ...Nxc4!} 25. Bf2 c5 ({Better is} 25... Qd8 $14) 26. Nc3 $16 Nc6 $2 {[#]} (26... g4 $16) 27. Nb5 $18 Qe5 28. Rfd1 Bb8 29. Qd3 g4 {[%mdl 32768] Accuracy: White = 62%, Black = 53%. . Loss on time!?} 0-1

[Event "XXXII Belgrade Trophy 2018"]
[Site "Belgrade"]
[Date "2018.11.29"]
[Round "6"]
[White "Atakisi, Umut"]
[Black "Blagojevic, Dragisa"]
[Result "*"]
[WhiteElo "2398"]
[BlackElo "2494"]
[Annotator "TA"]
[PlyCount "23"]
[EventDate "2018.11.24"]
[EventType "swiss"]
[EventCountry "SRB"]
[SourceTitle "playchess.com"]
[Source "ChessBase"]
[SourceQuality "1"]

{[%evp 14,15,58,52]} 1. d4 d5 2. c4 e6 3. Nf3 Nf6 4. Nc3 c6 5. Bg5 {[%cal Bc1g5,Bg5h4,Bh4g3][%mdl 32]} Nbd7 6. e3 h6 7. Bh4 g5 {D51: Queen's Gambit Declined: 4 Bg5 Nbd7 sidelines} 8. Bg3 {LiveBook: 50 Games} {Predecessor:} Nh5 $146 9. Be5 Ng7 10. Bg3 Nh5 11. Be5 Ng7 12. Bg3 {½-½ (12) Edouard,R (2638)-Gozzoli,Y (2596) Nimes 2018} *

[Event "XXXII Belgrade Trophy 2018"]
[Site "Belgrade"]
[Date "2018.11.29"]
[Round "6"]
[White "Atakisi, Umut"]
[Black "Blagojevic, Dragisa"]
[Result "1/2-1/2"]
[WhiteElo "2398"]
[BlackElo "2494"]
[Annotator "TA"]
[PlyCount "27"]
[EventDate "2018.11.24"]
[EventType "swiss"]
[EventCountry "SRB"]
[SourceTitle "playchess.com"]
[Source "ChessBase"]
[SourceQuality "1"]

{[%evp 20,27,27,28,24,0,0,0,21,15]} 1. d4 d5 2. c4 e6 3. Nf3 Nf6 4. Nc3 c6 5. Bg5 Nbd7 6. e3 h6 7. Bh4 g5 {D51: Queen's Gambit Declined: 4 Bg5 Nbd7 sidelines} 8. Bg3 Nh5 9. Be2 (9. Be5 Ng7 10. Bg3 {½-½ (12) Edouard,R (2638)-Gozzoli,Y (2596) Nimes 2018}) 9... Nxg3 10. hxg3 Bg7 11. Qc2 {LiveBook: 3 Games} Qe7 12. g4 dxc4 $146 ({Predecessor:} 12... Nf6 13. Nd2 {½-½ (41) Kashlinskaya,A (2438)-Nechaeva,M (2408) Sochi 2017}) 13. Bxc4 b6 14. O-O-O 1/2-1/2

[Event "XXXII Belgrade Trophy 2018"]
[Site "Belgrade"]
[Date "2018.11.29"]
[Round "6"]
[White "Rajkovic, Mladen"]
[Black "Todorovic, Goran M"]
[Result "1-0"]
[WhiteElo "2355"]
[BlackElo "2435"]
[Annotator "TA"]
[PlyCount "44"]
[EventDate "2018.11.24"]
[EventType "swiss"]
[EventCountry "SRB"]
[SourceTitle "playchess.com"]
[Source "ChessBase"]
[SourceQuality "1"]

{[%evp 17,44,44,55,47,50,50,40,0,110,108,110,101,112,107,112,123,116,114,114,113,110,75,205,198,186,-282,299,-394,-66]} 1. e4 c5 2. Nf3 d6 3. Bb5+ Nc6 4. O-O Bd7 5. Re1 Nf6 6. c3 a6 {B51: Sicilian: Moscow Variation (3 Bb5+) without 3...Bd7} 7. Bc4 (7. Bf1 Bg4 8. h3 Bxf3 9. Qxf3 g6 10. Na3 Bg7 11. Nc2 Nd7 12. Qd1 O-O 13. b3 Rc8 14. d4 cxd4 15. cxd4 Qb6 16. Be3 Nb4 17. Nxb4 Qxb4 {0-1 (60) Fedoseev,V (2724)-Mamedov,R (2709) chess.com INT 2018}) 7... b5 8. Bf1 e5 9. a4 b4 {LiveBook: 3 Games} 10. d4 Be7 11. d5 Na5 12. c4 $146 ({Predecessor:} 12. cxb4 cxb4 13. h3 O-O 14. Bd3 {1-0 (47) Shevchenko,K (2550)-Harsha,B (2445) Tarvisio 2017}) 12... b3 (12... g6 $11) 13. Bd2 $16 O-O 14. Bc3 Qb6 15. Qd2 Bd8 16. Nh4 Rb8 17. g3 Qc7 18. Bd3 Re8 19. Na3 Rb4 (19... Bh3 $16 {keeps fighting.}) 20. Bxb4 $18 cxb4 21. Kg2 $4 {[%mdl 8192] [#]} (21. Qxb4 $18 {was the only winning move. Strongly threatening c5.} Qb6 22. Qxb6 Bxb6 23. c5 Bxc5 24. Bxa6) 21... Bf5 $4 {[%mdl 8192]} (21... bxa3 $19 22. Rxa3 Nxc4 23. Bxc4 Qxc4 {[%mdl 64] Double Attack}) 22. Bc2 $4 {[%mdl 8192]} ({Weaker is} 22. exf5 bxa3 23. Rxa3 e4 $16) (22. Qxb4 $18 {and life is good for White.} Bg4 23. c5) 22... Bh3+ $2 {[%mdl 32768] Accuracy: White = 46%, Black = 42%. . Loss on time!?} (22... bxc2 $2 23. Nxf5 bxa3 24. Qxc2 $19) ({Better is} 22... bxa3 $19 23. Qc3 g6 24. exf5 bxc2) 1-0

[Event "XXXII Belgrade Trophy 2018"]
[Site "Belgrade"]
[Date "2018.11.29"]
[Round "6"]
[White "Dimic, Pavle"]
[Black "Uysal, Burak"]
[Result "1/2-1/2"]
[WhiteElo "2348"]
[BlackElo "2215"]
[Annotator "TA"]
[PlyCount "36"]
[EventDate "2018.11.24"]
[EventType "swiss"]
[EventCountry "SRB"]
[SourceTitle "playchess.com"]
[Source "ChessBase"]
[SourceQuality "1"]

{[%evp 12,36,8,5,5,12,5,14,12,9,18,0,8,17,8,19,9,0,9,0,0,0,17,9,9,0,7]} 1. d4 d5 2. c4 e6 3. Nc3 Bb4 4. Nf3 Nf6 5. Qa4+ Nc6 6. e3 O-O 7. Bd2 {The position is equal.} dxc4 {D38: Queen's Gambit Declined: Ragozin Defence (4 Nf3 Bb4)} 8. Bxc4 a6 (8... Bd6 9. e4 e5 10. dxe5 Nxe5 11. Nxe5 Bxe5 12. O-O-O Qe8 13. Qxe8 Rxe8 14. f3 Be6 15. Bxe6 Rxe6 {½-½ (67) Navara,D (2727)-Harikrishna,P (2732) Prague 2018}) 9. O-O Bd6 10. Qc2 e5 11. d5 Nb4 12. Qb1 c6 13. dxc6 Nxc6 14. Ng5 $146 ({Predecessor:} 14. h3 b5 15. Be2 {½-½ (98) Szczepkowska,K (2396)-Unuk,L (2355) Ankara 2018}) 14... h6 15. Nge4 ({Don't play} 15. Nxf7 Rxf7 16. Ne4 Bc7 $17) 15... Nxe4 16. Nxe4 Bc7 17. Bc3 Qe7 18. Ng3 Be6 {Accuracy: White = 27%, Black = 82%.} 1/2-1/2

[Event "XXXII Belgrade Trophy 2018"]
[Site "Belgrade"]
[Date "2018.11.29"]
[Round "6"]
[White "Olcum, Ahmet"]
[Black "Djordjevic, Vuk"]
[Result "0-1"]
[WhiteElo "2326"]
[BlackElo "2414"]
[Annotator "TA"]
[PlyCount "18"]
[EventDate "2018.11.24"]
[EventType "swiss"]
[EventCountry "SRB"]
[SourceTitle "playchess.com"]
[Source "ChessBase"]
[SourceQuality "1"]

{[%evp 12,18,14,7,12,7,178,6,73]} 1. d4 Nf6 2. Bf4 e6 3. e3 c5 4. c3 (4. Nd2 cxd4 5. exd4 Be7 6. Ngf3 O-O 7. Bd3 b6 8. O-O Bb7 9. Re1 d6 10. c3 a6 11. Ng5 h6 12. Nge4 Nxe4 13. Nxe4 Bxe4 14. Bxe4 d5 15. Bc2 Bg5 16. Qd3 g6 17. Rxe6 {1-0 (17) Aronian,L (2767)-Giri,A (2782) chess.com INT 2018}) 4... Nc6 5. Nd2 Be7 6. Bd3 {A45: Trompowsky Attack} O-O 7. Ngf3 {LiveBook: 3 Games} Nh5 8. dxc5 Bxc5 $146 {[#]} (8... Nxf4 $11 9. exf4 Bxc5) ({Predecessor:} 8... Nxf4 9. exf4 Bxc5 10. O-O d5 11. g3 Bd7 12. Ne5 Nxe5 13. fxe5 Qb6 {0-1 (49) Henke,S (1722)-Nin,N (1732) LSS email 2009}) 9. Ng5 $2 (9. Bxh7+ $1 $18 Kh8 10. Bd3) 9... Nf6 {[%mdl 32768] Loss on time!?} (9... g6 $11 {remains equal.}) 0-1

[Event "XXXII Belgrade Trophy 2018"]
[Site "Belgrade"]
[Date "2018.11.29"]
[Round "6"]
[White "Galiot, Goran"]
[Black "Cerovic, Danilo"]
[Result "0-1"]
[WhiteElo "2305"]
[BlackElo "2333"]
[Annotator "TA"]
[PlyCount "59"]
[EventDate "2018.11.24"]
[EventType "swiss"]
[EventCountry "SRB"]
[SourceTitle "playchess.com"]
[Source "ChessBase"]
[SourceQuality "1"]

{[%evp 16,59,31,14,22,29,29,25,26,16,120,29,70,11,26,-7,43,6,27,0,60,0,0,0,32,0,0,-6,31,-17,-20,-524,0,-407,-46,-522,-257,-518,-434,-1038,-343,-668,-183,-1002,-287,-29981]} 1. e4 e5 2. Nf3 Nc6 3. Bc4 Nf6 4. d3 Be7 5. O-O O-O 6. Re1 d6 7. a4 Be6 8. a5 a6 9. Nc3 {LiveBook: 10 Games. C55: Two Knights: 4 d3, 4 d4 exd4 5 e5 and Max Lange Attack} Bg4 $146 (9... Nxe4 $5 10. Rxe4 d5 {[%mdl 64] Double Attack} 11. Nxe5 dxe4 12. Nxc6 bxc6 13. Bxe6 fxe6 $11) ({Predecessor:} 9... Qd7 10. h3 Rfe8 11. Ng5 Bxc4 12. dxc4 Bf8 13. Nf3 h6 14. Nd5 Qd8 15. b3 g6 16. Nh2 Nxd5 17. cxd5 {½-½ (36) Xu,Y (2534)-Wang,H (2710) Tianjin 2018}) 10. h3 Bh5 11. Nd5 {White has an edge.} Nxd5 12. Bxd5 Qd7 {[#]} (12... h6 $11) 13. c3 (13. Nxe5 $1 $16 {[%mdl 512]} Qxh3 (13... Nxe5 14. Qxh5) 14. gxh3 Bxd1 15. Nxc6 (15. Rxd1 dxe5 16. c3 Bd6 $14) 15... bxc6 16. Bxc6 (16. Rxd1 cxd5 17. exd5 Rfb8 $14) 16... Bxc2 17. Bxa8 Rxa8 18. d4) 13... Rae8 14. g4 (14. Bxc6 $14 bxc6 {[#]} 15. Nxe5 $1 {[%mdl 512]} dxe5 16. Qxh5) 14... Bg6 $11 15. Qa4 Kh8 16. Ra3 Rd8 17. Kg2 Nb8 (17... Qc8 $11) 18. Be3 (18. Qxd7 $14 Nxd7 19. b4) 18... c6 19. Ba2 f6 20. Nh4 Bf7 21. Nf5 g6 {aiming for ...Bxa2.} 22. Ng3 d5 23. Qb3 $2 {[%mdl 8192]} (23. b4 $11) 23... c5 $2 (23... d4 $19 24. Qb6 dxe3 25. Bxf7 Bxa3) 24. f3 $2 {[%mdl 8192]} (24. exd5 $11 {and White has nothing to worry.} Bxd5+ 25. Qxd5 Qxd5+ 26. Bxd5 Rxd5 27. Ne4) 24... Nc6 $2 ({Black should try} 24... d4 $19 25. Qa4 Qxa4 26. Rxa4 Bxa2 27. Rxa2 dxe3 28. Rxe3 Nc6) 25. h4 $2 {[%mdl 8192]} (25. exd5 $15 Bxd5 26. Qxd5 Qxd5 27. Bxd5 Rxd5 28. c4) 25... f5 (25... dxe4 $142 26. Qd1 Bxa2 27. Nxe4 Bd5) 26. Bh6 $2 (26. exd5 fxg4 27. fxg4) 26... fxg4 27. Bxf8 (27. fxg4 $142 dxe4 28. Qd1 exd3 29. Bxf8 Rxf8 30. Bxf7 Rxf7 31. Ra4) 27... Rxf8 $2 (27... gxf3+ 28. Kxf3 dxe4+ {[%mdl 64] Discovered Attack} 29. Kg2 Bxb3 30. Bxe7 Nxe7 31. Bxb3 Qxd3) 28. Qd1 $2 (28. fxg4 dxe4 29. Qd1 exd3 30. Bxf7 Rxf7 31. Ra4) 28... d4 $2 (28... gxf3+ 29. Qxf3 dxe4) 29. c4 $2 (29. Bxf7 Rxf7 30. Rf1) 29... Nxa5 $2 (29... gxf3+ 30. Qxf3 Be6) 30. Qb3 $2 {Accuracy: White =  5%, Black = 20%.} ({Much weaker is} 30. fxg4 Be6 $19) (30. Rf1 $19 gxf3+ 31. Rxf3) 0-1

[Event "XXXII Belgrade Trophy 2018"]
[Site "Belgrade"]
[Date "2018.11.29"]
[Round "6"]
[White "Velickovic, Sasa"]
[Black "Kanov, Nikola"]
[Result "1-0"]
[WhiteElo "2293"]
[BlackElo "1917"]
[Annotator "TA"]
[PlyCount "59"]
[EventDate "2018.11.24"]
[EventType "swiss"]
[EventCountry "SRB"]
[SourceTitle "playchess.com"]
[Source "ChessBase"]
[SourceQuality "1"]

{[%evp 14,59,27,26,29,27,34,23,33,0,8,-2,37,-4,31,0,0,0,73,-47,31,-661,40,-456,0,-357,98,-292,137,-495,71,-550,86,-460,-68,-757,-78,-1469,-1193,-2264,-2232,-2777,-933,-3843,-957,-2050,-900,-1855]} 1. e4 e5 2. Nf3 Nc6 3. Bb5 {[%cal Bf1b5,Bb5a4,Ba4b3][%mdl 32]} a6 4. Ba4 Nge7 5. O-O g6 6. c3 Bg7 7. d4 exd4 8. cxd4 b5 {C60: Ruy Lopez: Unusual Black 3rd moves and 3...g6} 9. Bb3 O-O 10. Nc3 d6 {White has an edge.} 11. h3 Na5 12. Bc2 Bb7 (12... c5 13. dxc5 dxc5 14. Qxd8 Rxd8 {0-1 (65) Vachier Lagrave,M (2789)-Mamedyarov,S (2808) Leuven 2018}) 13. Bf4 Rc8 14. Qc1 f5 $146 ({Predecessor:} 14... Nc4 15. Bh6 c5 16. Bxg7 Kxg7 17. dxc5 Rxc5 {½-½ (33) Melamed,T (2336)-Kochetkova,J (2327) Germany 2015}) 15. Bh6 Qd7 (15... b4 $11 {keeps the balance.} 16. Bxg7 Kxg7) 16. b4 (16. Bxg7 $16 Kxg7 17. d5) 16... Nc4 (16... fxe4 $15 17. Nxe4 Bxh6 18. Qxh6 Nc4) 17. Nd2 $2 {[%mdl 8192] [#]} (17. Bxg7 $14 Kxg7 18. d5) 17... Nb6 $2 (17... Bxh6 $19 18. f4 Bg7 19. Nxc4 bxc4) 18. Qb2 $2 {[%mdl 8192]} (18. Bb3+ $14 {keeps the upper hand.} Kh8 19. Bxg7+ Kxg7 20. d5) 18... Nc4 $2 (18... Bxh6 $19 19. Qb3+ Kh8) 19. Qb3 $2 {[%mdl 8192]} (19. Qc1 $11) 19... Rce8 $2 (19... Bxh6 $19 20. Nxc4 bxc4 21. Qxc4+ Kh8) 20. d5 $2 {[%mdl 8192]} (20. Bxg7 $16 Kxg7 21. Nxc4 bxc4 22. Qxc4) 20... Ne5 $2 {[#]} (20... Bxh6 $19 21. Nxc4 bxc4 22. Qxc4 Rb8) 21. f3 $2 {[%mdl 8192]} (21. Bxg7 $16 Kxg7 22. f4) 21... g5 $2 ({Better is} 21... Bxh6 $19 22. f4 fxe4 23. fxe5 Bxd2 24. Nxe4 Bxd5) 22. Rfe1 $2 {[%mdl 8192]} (22. Bxg5 $16 {and life is bright.} N5g6 23. a4) 22... Ra8 $2 ({Black should try} 22... Bxh6 $19 23. exf5 Nxf5 24. Bxf5 Qxf5) 23. Re3 $2 {[%mdl 8192]} (23. Bxg5 $16 f4 24. Bh4) 23... f4 $2 (23... Bxh6 $19 24. exf5 Nxf5 25. Bxf5 Qxf5) 24. Rf1 $2 {[%mdl 8192]} (24. Bxg7 $15 Kxg7 25. Ree1) 24... Nxf3+ $2 (24... fxe3 $19 {and Black stays clearly on top.} 25. Bxg5 exd2) 25. Kf2 $2 {[%mdl 8192]} (25. Nxf3 $17 fxe3 26. Bxg7 Kxg7 27. Nxg5 Rxf1+ 28. Kxf1) 25... Nd4 {Black is clearly winning.} 26. g3 Nxb3 27. Ke1 Nc6 28. h4 Kf7 29. h5 Kf6 30. g4 {[%mdl 32768] Accuracy: White =  6%, Black = 10%. . Loss on time!?} 1-0

[Event "XXXII Belgrade Trophy 2018"]
[Site "Belgrade"]
[Date "2018.11.29"]
[Round "6"]
[White "Andrijevic, Milan"]
[Black "Xilogiannis, Dimitrios"]
[Result "1-0"]
[WhiteElo "2269"]
[BlackElo "2011"]
[Annotator "TA"]
[PlyCount "44"]
[EventDate "2018.11.24"]
[EventType "swiss"]
[EventCountry "SRB"]
[SourceTitle "playchess.com"]
[Source "ChessBase"]
[SourceQuality "1"]

{[%evp 27,34,42,43,41,50,60,59,51,35]} 1. e4 c5 2. Nf3 e6 3. d4 cxd4 4. Nxd4 Nc6 5. Nc3 Qc7 6. Be2 a6 7. O-O Nf6 8. Be3 {[%cal Bc1e3,Be3d4,Bd4e5][%mdl 32]} Bb4 9. Na4 Be7 10. Nxc6 bxc6 11. Nb6 Rb8 12. Nxc8 Qxc8 13. Bd4 c5 14. Be5 Rb6 {White is slightly better.} 15. b3 {B49: Sicilian: Taimanov: 5 Nc3 Qc7 6 Be3 a6 7 Be2} Nxe4 16. Bxg7 Rg8 17. Be5 Bd6 {[#]} {Predecessor:} 18. Bg3 $146 Nxg3 19. fxg3 Be5 20. Rb1 Ke7 21. Bd3 Rg5 22. Qf3 Qg8 {½-½ (53) Radjabov,T (2733)-Cori Tello,J (2549) Tromsoe 2013} 1-0

[Event "XXXII Belgrade Trophy 2018"]
[Site "Belgrade"]
[Date "2018.11.29"]
[Round "6"]
[White "Eric, Jovana"]
[Black "Brankovic, Vladislav"]
[Result "1-0"]
[WhiteElo "2257"]
[BlackElo "2108"]
[Annotator "TA"]
[PlyCount "99"]
[EventDate "2018.11.24"]
[EventType "swiss"]
[EventCountry "SRB"]
[SourceTitle "playchess.com"]
[Source "ChessBase"]
[SourceQuality "1"]

{[%evp 11,99,37,75,64,64,52,66,74,68,53,48,42,109,72,64,55,58,47,72,20,93,0,115,97,150,132,108,89,74,83,97,97,120,55,69,83,120,120,115,115,108,116,114,113,128,110,118,116,333,335,335,320,320,275,286,222,214,150,216,216,227,221,246,220,355,421,413,422,422,406,386,351,693,685,701,681,625,664,635,618,594,552,939,782,769,744,649,616,1095,987]} 1. e4 d6 2. d4 Nf6 3. Nc3 Nbd7 4. f4 e5 5. Nf3 exd4 6. Qxd4 Nc5 {LiveBook: 12 Games} 7. Bc4 {B07: Pirc Defence: Miscellaneous Systems} (7. Be3 g6 8. e5 Ne6 9. Qa4+ Bd7 10. Bb5 Ng4 11. Bxd7+ Qxd7 12. Qxd7+ Kxd7 13. Bd2 f5 14. h3 Nh6 {½-½ (27) Ponomariov,R (2616)-Beliavsky,A (2618) Bled 1999}) 7... Be7 8. Be3 Ne6 9. Qd2 {White is slightly better.} c6 10. a4 $146 ({Predecessor:} 10. Bb3 Qa5 11. O-O-O b5 12. e5 dxe5 13. Nxe5 Qc7 14. Nxf7 Kxf7 {0-1 (30) Niebler,P (1890)-Fett,H (1769) Grossenseebach 2012}) 10... Qa5 11. O-O O-O (11... Ng4 $14 12. Ne2 Qd8) 12. f5 $36 {[%mdl 2048] White is really pushing.} Qb4 13. Ba2 Nc5 14. Bd4 a5 15. Qe3 ({White should play} 15. Rfe1 $16) 15... Ncd7 ({Not} 15... Qxb2 $2 16. Nd5 $18) (15... Bd7 $11) 16. Qd3 (16. Rad1 $16) 16... c5 (16... Nc5 $11 17. Qe2 Nfd7) 17. Be3 Nb6 {[#]} ({Black should try} 17... Ne5 18. Nxe5 dxe5) 18. Bd2 $1 $16 {Hoping for Qe2.} c4 19. Qe2 Qc5+ 20. Be3 Qc7 21. Nb5 Qc6 22. Bxb6 (22. Bd4 $16) 22... Qxb6+ $14 23. Kh1 d5 24. e5 Ne4 {[#]} 25. Bxc4 $1 {[%mdl 512]} Qh6 {White must now prevent ...Ng3+.} (25... dxc4 26. Qxe4) 26. Qe1 Bxf5 27. Bxd5 {[%mdl 64] Double Attack} Nc5 28. Nfd4 Be6 29. Nf5 Qg5 $2 (29... Bxf5 $16 {keeps fighting.} 30. Rxf5 Rad8) 30. h4 $18 Qxf5 31. Rxf5 Bxf5 32. Qf2 Be6 33. c4 Rad8 34. Rd1 b6 (34... Nxa4 $16 35. g3 Nc5) 35. Nc3 Bd7 36. Rf1 Kh8 37. Qg3 f6 {[#]} (37... Be6 {was called for.} 38. Rf3 Rb8) 38. e6 $1 Bxa4 (38... Nxe6 39. Re1) 39. Nxa4 Nxa4 40. Qb3 Nc5 41. Qxb6 Rb8 $2 (41... Nd3 42. Qxa5 Rb8) 42. Qa7 {White is clearly winning.} Rfe8 43. Bc6 Rec8 44. Qxe7 Rxc6 45. Qa7 Re8 46. e7 Ne4 47. Qd7 {[%cal Rd7e8][%mdl 64] Double Attack} Rcc8 48. Re1 f5 49. Kh2 g6 50. g4 {Accuracy: White = 73%, Black = 42%.} 1-0